000 00531nam a22002177a 4500
003 UA-OsUOA
001 52094
007 ta
008 20080130b un ||||| |||| 00| 0 ukr d
090 _a94(477).06
_bД37
942 _cBK
040 _aUA-OsUOA
_bukr
_cUA-OsUOA
_dUA-OsUOA
245 _aДесятирічний шлях
300 _a96 с.
955 _a3
041 _aukr
080 _a94(477).06
260 _aК.
_c1958
650 7 _a9 Географія. Біографії. Історія
_2UDC
999 _c338187
_d338187